PDC Players - Statistics

General Stats
  • This quiz has been taken 18 times
  • The average score is 51 of 70
Answer Stats
Rankings Nickname Answer % Correct
13 Jackpot Adrian Lewis
100%
7 SuperChin Daryl Gurney
100%
10 Chizzy Dave Chisnall
100%
6 The Flying Scotsman Gary Anderson
100%
3 Iceman Gerwyn Price
100%
9 The Machine James Wade
100%
15 Rockstar Joe Cullen
100%
18 Polish Eagle Krzystof Ratajski
100%
35 Cool Hand Luke Luke Humphries
100%
21 The King Mervyn King
100%
5 Bully Boy Michael Smith
100%
1 Mighty Mike Michael van Gerwen
100%
8 The Asp Nathan Aspinall
100%
2 Snakebite Peter Wright
100%
4 Voltage Rob Cross
100%
14 The Wizard Simon Whitlock
100%
17 The Bullet Stephen Bunting
100%
34 The History Maker Brendan Dolan
91%
19 Hollywood Chris Dobey
91%
27 Noppie Danny Noppert
91%
59 The African Warrior Devon Petersen
91%
29 The Dreammaker Dimitri van den Bergh
91%
39 German Giant Gabriel Clemens
91%
22 Duzza Glen Durrant
91%
11 Diamond Ian White
91%
56 Fireball Jamie Lewis
91%
16 The Ferret Jonny Clayton
91%
40 The Original Kyle Anderson
91%
24 The Maximiser Max Hopp
91%
12 The Gentle Mensur Suljovic
91%
28 Rapid Ricky Evans
91%
48 Smudger Ross Smith
91%
26 The Bronzed Adonis Steve Beaton
91%
55 Double Dekker Jan Dekker
82%
20 The Black Cobra Jeffrey de Zwaan
82%
49 The Cobra Jelle Klaasen
82%
61 The Special One Jose de Sousa
82%
50 The Wall Martin Schindler
82%
60 The Thorn Robert Thornton
82%
44 Heavy Metal Ryan Searle
82%
33 The Dutch Destoryer Vincent van der Voort
82%
51 Lucky D Darius Labanauskas
73%
31 The Highlander John Henderson
73%
36 The Hurricane Kim Huybrechts
73%
69 Razmatazz Madars Razma
73%
68 Super Ted Ted Evetts
73%
23 The Machine Gun Jermaine Wattimena
64%
54 The Force Justin Pipe
64%
42 Relentless Ryan Joyce
64%
37 The Magpie William O'Connor
64%
53 Big Ben Benito van de Pas
55%
25 Demolition Man Darren Webster
55%
38 Jammie Dodger James Wilson
55%
30 The Needle Keegan Brown
55%
58 Woody Luke Woodhouse
55%
41 The Shamrock Steve Lennon
55%
32 Simply Steve West
55%
67 X-Factor Andy Boulton
45%
45 The Spartan Cristo Reyes
45%
47 Yozza Jamie Hughes
45%
57 Clonoe Cyclone Mickey Mansell
45%
46 The Bomb Ron Meulenkamp
45%
65 Big H Harry Ward
18%
62 Prime Time Matthew Edgar
18%
52 The Lionheart Richard North
18%
63 The Samurai Toni Alcinas
18%
43 The Maximum Josh Payne
9%
66 Gladiator Mark McGeeney
9%
70 Little John Rowby-John Rodriquez
9%
64 The Mirror Man Simon Stevenson
9%
No matching quizzes found
Score Distribution
Percent of People with Each Score
Percentile by Number Answered
Your Score History
You have not taken this quiz